A economia compartilhada e o novo conceito de fornecedor fiducir̀io nas relaė̳s de consumo

Detalles Bibliográficos
Autor principal: Schwartz, Fabio
Formato: eBook
Lenguaje:portugués
Publicado: Rio de Janeiro: Editora Processo, 2020
Materias:
Acceso en línea:Acceso restringido

MARC

LEADER 00000nam a22000007a 4500
005 20220718213113.0
007 cr|||| ||||
008 220718s2020 br |||||s|||| 00||0 por d
020 |a 978-85-93741-74-6 
035 |a 36715 
040 |a vLex 
090 |c 13566  |d 13566 
100 1 |a Schwartz, Fabio 
245 1 1 |a A economia compartilhada e o novo conceito de fornecedor fiducir̀io nas relaė̳s de consumo  |h [Recurso electrn̤ico] /  |c Fabio Schwartz 
256 |a Servicio en ln̕ea 
260 |a Rio de Janeiro:  |b Editora Processo,  |c 2020 
300 |a 1 recurso electrn̤ico 
500 |a (...) Por tratar de assunto tô r̀ido, Fb̀io poderia ter escrito um texto pesado e de difc̕il compreensô, mas o estilo e a erudiȯ̂ do autor faz com que a leitura flua confortavelmente para o leitor de ocasiô e tenha solidez acadm̊ica e legal para os leitores por necessidade, que estô em busca de conhecimento mais aprofundado sobre o tema. Trata-se, portanto, de um livro ao mesmo tempo essencial para o leitor comum entender as transformaė̳s do mundo em que vive quanto para o leitor especializado, por exemplo, um aluno de graduaȯ̂ ou ps̤-graduaȯ̂ em Direito, Administraȯ̂, Economia, Sociologia ou Histr̤ia, ou docente dessas r̀eas, ou ainda um Promotor, um Juiz, um legislador, para compreender e navegar nos fenm̥enos da modernidade lq̕uida (...). Marcelo Gonȧlves do Amaral (...) Na presente obra: A Economia Compartilhada e o novo conceito de Fornecedor fiducir̀io nas relaė̳s de consumo, mostra-se evidente, desde logo, a inexcedv̕el qualidade que vai notabilizar este trabalho jurd̕ico, pois demonstra na atualidade os conflitos envolvendo a Economia Compartilhada nas relaė̳s de consumo. O autor utiliza uma linguagem didt̀ica, com diversos exemplos a respeito do tema que possui controvřsia na jurisprudn̊cia envolvendo a questô da economia compartilhada. Semelhante a linguagem bb̕lica, que possui diversas parb̀olas, o autor nô se limita a simplesmente doar o peixe, mas ensina a pescar (...) Plinio Lacerda Martins 
506 1 |a Disponible solo en los productos indicados  |d vLex Global  |d vLex Global (Academic Edition, excluding Law Schools)  |d vLex Global (U.S. Academic Edition, Law Schools)  |d vLex Global (U.S. Academic Edition, excluding Law Schools)  |d vLex Global (Academic Edition, Law Schools) 
650 0 4 |a Consumidores Usuarios  |z Brasil 
650 0 4 |a Derecho Administrativo Econm̤ico  |z Brasil 
740 0 |a vLex Libros (Servicio en ln̕ea) 
856 4 0 |u https://app.vlex.com/#/sources/36715  |z Acceso restringido 
942 |c BOOK 
999 0 |a Consumers Users 
999 0 |a Economic Administrative Law